| 000 | 00747nam a22002411 4500 | ||
|---|---|---|---|
| 001 | 142035 | ||
| 003 | ES-MaACL | ||
| 005 | 20230906200429.0 | ||
| 007 | t| | ||
| 008 | 071002s1962 sp ||||0| spa d | ||
| 016 | 7 | _zIND2000946384 | |
| 040 |
_aM-BN _bspa _cCDM |
||
| 080 | _a629.113-57 | ||
| 100 | 1 |
_aWilliams, W. J. _9116959 |
|
| 245 | 1 | 0 |
_aEmbragues y juntas universales del automovil / _cpor W. J. Williams. |
| 250 | _a1ª ed. | ||
| 260 |
_aMadrid : _bEscuelas Internacionales, _c1962. |
||
| 300 |
_a1 h., 110, 5 p. : _bil. ; _c20 cm. |
||
| 500 | _aInternational Correspondence Schools System. | ||
| 650 | 1 | 4 |
_aAutomóviles. _910435 |
| 710 | 2 |
_aInternational Correspondence Schools. _95267 |
|
| 852 |
_aES-MaACL _jC-21349 _bR.49775 |
||
| 999 |
_c142035 _d142035 |
||